Servant of words : (Registro nro. 60365)
[ vista simple ]
| 000 -LEADER | |
|---|---|
| campo de control de longitud fija | 02334cam a22005054i 4500 |
| 003 - IDENTIFICADOR DE NÚMERO DE CONTROL | |
| campo de control | PE-LiUPU |
| 005 - FECHA Y HORA DE LA ÚLTIMA TRANSACCIÓN | |
| campo de control | 20250807175241.0 |
| 008 - DATOS DE LONGITUD FIJA--INFORMACIÓN GENERAL | |
| campo de control de longitud fija | 1992s1992 ilu rb 000 0 eng d |
| 020 ## - NÚMERO INTERNACIONAL ESTÁNDAR DEL LIBRO | |
| Número Internacional Estándar del Libro | 080247926X |
| 035 ## - NÚMERO DE CONTROL DEL SISTEMA | |
| Número de control de sistema | PE-LiUPU42534 |
| 040 ## - FUENTE DE CATALOGACIÓN | |
| Centro catalogador/agencia de origen | PE-LiUPU |
| Lengua de catalogación | eng |
| Centro/agencia transcriptor | PE-LiUPU |
| Normas de descripción | rda |
| 082 ## - NÚMERO DE LA CLASIFICACIÓN DECIMAL DEWEY | |
| Número de clasificación | 248.4 |
| Cutter | S491 |
| Número de edición | 23 |
| 245 00 - MENCIÓN DEL TÍTULO | |
| Título | Servant of words : |
| Resto del título | a tribute to James L. Johnson, mentor to writers and communicators / |
| Mención de responsabilidad, etc. | editado por Robert B. Reekie. |
| 264 #1 - PRODUCCIÓN, PUBLICACIÓN, DISTRIBUCIÓN, FABRICACIÓN Y COPYRIGHT | |
| Producción, publicación, distribución, fabricación y copyright | Chicago : |
| Nombre del de productor, editor, distribuidor, fabricante | Moody Press, |
| Fecha de producción, publicación, distribución, fabricación o copyright | 1992. |
| 300 ## - DESCRIPCIÓN FÍSICA | |
| Extensión | 220 páginas ; |
| Dimensiones | 23 cm |
| 336 ## - TIPO DE CONTENIDO | |
| Término de tipo de contenido | text |
| Fuente | rdacontent |
| 337 ## - TIPO DE MEDIO | |
| Nombre/término del tipo de medio | unmediated |
| Fuente | rdamedia |
| 338 ## - TIPO DE SOPORTE | |
| Nombre/término del tipo de soporte | volume |
| Fuente | rdacarrier |
| 500 ## - NOTA GENERAL | |
| Nota general | Incluye cronología, lista de obras de James L. Johnson y artículos seleccionados. |
| 504 ## - NOTA DE BIBLIOGRAFÍA, ETC. | |
| Nota de bibliografía, etc. | Incluye referencias bibliográficas. |
| 505 0# - NOTA DE CONTENIDO CON FORMATO | |
| Nota de contenido con formato | James L. Johnson (1927-1987) -- Foreword -- Preface -- Fun-loving, fast paced -- Missionary -- Teacher and mentor -- The novelist -- Master motivator -- Innovative pastor -- Through an editor's eyes -- A genuine spirit -- Ruth, keep writing -- A fellow struggler -- Visionary strategist -- New beginnings -- A prophetic voice -- Following the gleam -- Chronology -- Books by James L. Johnson -- Jim's last word and other articles. |
| 600 #0 - PUNTO DE ACCESO ADICIONAL DE MATERIA--NOMBRE DE PERSONA | |
| Nombre de persona | Johnson, James L., |
| Fechas asociadas al nombre | 1927-1987 |
| 9 (RLIN) | 6362 |
| Subdivisión general | Biografías. |
| 650 24 - PUNTO DE ACCESO ADICIONAL DE MATERIA--TÉRMINO DE MATERIA | |
| Término de materia o nombre geográfico como elemento de entrada | Escritores cristianos |
| Subdivisión general | Biografías. |
| 9 (RLIN) | 6469 |
| 650 24 - PUNTO DE ACCESO ADICIONAL DE MATERIA--TÉRMINO DE MATERIA | |
| Término de materia o nombre geográfico como elemento de entrada | Misioneros |
| Subdivisión de forma | Biografías. |
| 9 (RLIN) | 3714 |
| 650 20 - PUNTO DE ACCESO ADICIONAL DE MATERIA--TÉRMINO DE MATERIA | |
| Término de materia o nombre geográfico como elemento de entrada | Liderazgo cristiano |
| 9 (RLIN) | 1483 |
| 700 ## - ENTRADA AGREGADA--NOMBRE PERSONAL | |
| Nombre de persona | Reekie, Robert B., |
| Término indicativo de función/relación | editor. |
| 9 (RLIN) | 6345 |
| 700 ## - ENTRADA AGREGADA--NOMBRE PERSONAL | |
| Nombre de persona | Taylor, Kenneth N., |
| Término indicativo de función/relación | prefacio. |
| 9 (RLIN) | 6346 |
| 700 ## - ENTRADA AGREGADA--NOMBRE PERSONAL | |
| Nombre de persona | Johnson, Rosemary, |
| Término indicativo de función/relación | editor. |
| 9 (RLIN) | 6347 |
| 700 ## - ENTRADA AGREGADA--NOMBRE PERSONAL | |
| Nombre de persona | Roe, Earl O. |
| Término indicativo de función/relación | editor. |
| 9 (RLIN) | 6348 |
| 700 ## - ENTRADA AGREGADA--NOMBRE PERSONAL | |
| Nombre de persona | Runyon, Daniel V., |
| Término indicativo de función/relación | editor. |
| 9 (RLIN) | 6349 |
| 700 ## - ENTRADA AGREGADA--NOMBRE PERSONAL | |
| Nombre de persona | Jenkins, Jerry B., |
| Término indicativo de función/relación | editor. |
| 9 (RLIN) | 6350 |
| 700 ## - ENTRADA AGREGADA--NOMBRE PERSONAL | |
| Nombre de persona | Brown, Donald R., |
| Término indicativo de función/relación | editor. |
| 9 (RLIN) | 6351 |
| 700 ## - ENTRADA AGREGADA--NOMBRE PERSONAL | |
| Nombre de persona | Bailey, Herbert., |
| Término indicativo de función/relación | editor. |
| 9 (RLIN) | 6352 |
| 700 ## - ENTRADA AGREGADA--NOMBRE PERSONAL | |
| Nombre de persona | Bailey, Phyllis., |
| Término indicativo de función/relación | editor. |
| 9 (RLIN) | 6353 |
| 700 ## - ENTRADA AGREGADA--NOMBRE PERSONAL | |
| Nombre de persona | Markham, Judith E., |
| Término indicativo de función/relación | editor. |
| 9 (RLIN) | 6354 |
| 700 ## - ENTRADA AGREGADA--NOMBRE PERSONAL | |
| Nombre de persona | Hawkins, R. H., |
| Término indicativo de función/relación | editor. |
| 9 (RLIN) | 6355 |
| 700 ## - ENTRADA AGREGADA--NOMBRE PERSONAL | |
| Nombre de persona | Senter, Ruth., |
| Término indicativo de función/relación | editor. |
| 9 (RLIN) | 6356 |
| 700 ## - ENTRADA AGREGADA--NOMBRE PERSONAL | |
| Nombre de persona | Engel, James F., |
| Término indicativo de función/relación | editor. |
| 9 (RLIN) | 6357 |
| 700 ## - ENTRADA AGREGADA--NOMBRE PERSONAL | |
| Nombre de persona | Norton, H. Wilbert., |
| Término indicativo de función/relación | editor. |
| 9 (RLIN) | 6358 |
| 700 ## - ENTRADA AGREGADA--NOMBRE PERSONAL | |
| Nombre de persona | Minor, Marlene., |
| Término indicativo de función/relación | editor. |
| 9 (RLIN) | 6359 |
| 700 ## - ENTRADA AGREGADA--NOMBRE PERSONAL | |
| Nombre de persona | Armstrong, Ben., |
| Término indicativo de función/relación | editor. |
| 9 (RLIN) | 6360 |
| 700 ## - ENTRADA AGREGADA--NOMBRE PERSONAL | |
| Nombre de persona | Johnson, Jay E., |
| Término indicativo de función/relación | editor. |
| 9 (RLIN) | 6361 |
| 942 ## - ELEMENTOS DE ENTRADA SECUNDARIOS (KOHA) | |
| Fuente del sistema de clasificación o colocación | Clasificación Decimal Dewey |
| Tipo de ítem Koha | Libros físicos |
| 980 ## - EQUIVALENCIA O REFERENCIA-CRUZADA-MENCIÓN DE SERIE--NOMBRE DE PERSONA/TÍTULO [LOCAL, CANADÁ] | |
| ID del último usuario que modificó el registro | 18226 |
| Nombre del último usuario que modificó el registro | Jaime Vilcazán Jefe de Análisis Documental |
| Visto por última vez | Número de inventario | Total de préstamos | Signatura topográfica completa | Código de barras | Copia número | Fecha de reemplazo | Facultad | Tipo de ítem Koha | Nota pública | Estado de pérdida | Fuente del sistema de clasificación o colocación | Restricciones de uso | No para préstamo | Colección | Programa académico | Biblioteca de origen | Biblioteca actual | Ubicación en estantería | Fecha de adquisición | Fuente de adquisición |
|---|---|---|---|---|---|---|---|---|---|---|---|---|---|---|---|---|---|---|---|---|
| 2025-12-02 | 5 | 270.092 S491 | 42534 | e1 | 2015-06-16 | Teología | Libros físicos | inventario-2023-12-13 | No Perdido | Clasificación Decimal Dewey | No restringido | Disponible para préstamos | Colección General | Maestría en teología | Biblioteca CRAI UPeU Lima | Biblioteca CRAI UPeU Lima | Sala principal | 2015-06-16 | COMPRA |